| 000 | 02737cam a2200469 i 4500 | ||
|---|---|---|---|
| 999 |
_c29328 _d29299 |
||
| 001 | 20854139 | ||
| 003 | EG-ScBUE | ||
| 005 | 20210808092940.0 | ||
| 006 | m |o d | | ||
| 007 | cr_||||||||||| | ||
| 008 | 190214s2019 enk fob 001 0 eng d | ||
| 020 | _a9780429060021 (ebk) | ||
| 040 |
_aDLC _beng _erda _cDLC _dDLC _dEG-ScBUE |
||
| 043 | _ae------ | ||
| 082 | 0 | 4 |
_a343.24099 _bCIN _222 |
| 100 | 1 |
_aCintra Guimarães, Guilherme, _eauthor. |
|
| 245 | 1 | 0 |
_aGlobal technology and legal theory : _btransnational constitutionalism Google and the European Union _h[electronic resourse] / _cGuilherme Cintra Guimarães. |
| 264 | 1 |
_aAbingdon, Oxon ; _aNew York, NY : _bRoutledge, _c2019. |
|
| 300 | _a1 online resource. | ||
| 336 |
_atext _btxt _2rdacontent |
||
| 337 |
_acomputer _bc _2rdamedia |
||
| 338 |
_aonline resource _bcr _2rdacarrier |
||
| 490 | 0 | _aRoutledge research in international commercial law | |
| 500 | _aBased on author's thesis (doctoral - Università degli Studi Roma Tre, 2018), issued title: Transnational constitutional conflicts in cyberspace : Google and the European Union. | ||
| 504 | _aIncludes bibliographical references and index. | ||
| 505 | 0 | _aIntroduction -- Constitutionalism and world society -- The architecture of cyberspace -- Disrupting markets and tax basesome -- Privacy, social memory and global data flows -- Conclusion. | |
| 588 | _aDescription based on print version record and CIP data provided by publisher. | ||
| 610 | 1 | 0 |
_aGoogle (Firm) _xTrials, litigation, etc. |
| 650 | 7 |
_aInternet industry _xLaw and legislation _zEuropean Union countries. _2BUEsh |
|
| 650 | 7 |
_aData protection _xLaw and legislation _zEuropean Union countries. _2BUEsh |
|
| 650 | 7 |
_aInformation services _xLaw and legislation _zEuropean Union countries. _2BUEsh |
|
| 650 | 7 |
_aInformation technology _xLaw and legislation _zEuropean Union countries. _2BUEsh |
|
| 650 | 7 |
_aInformation services _xTaxation _xLaw and legislation _zEuropean Union countries. _2BUEsh |
|
| 650 | 7 |
_aInternational and municipal law. _2BUEsh |
|
| 653 |
_bLLAAWW _cAugust2021 |
||
| 655 |
_vReading book _934232 |
||
| 776 | 0 | 8 |
_iPrint version: _aCintra Guimarães, Guilherme. _tGlobal technology and legal theory transnational constitutionalism _dAbingdon, Oxon ; New York, NY : Routledge, 2019 _z9780367181956 _w(DLC) 2019007121 |
| 856 | 4 | 0 |
_uhttps://ezproxy.bue.edu.eg/login?url=http://search.ebscohost.com/login.aspx?direct=true&db=nlebk&AN=2141126&site=ehost-live&ebv=EB&ppid=pp_ii _yhttps://ezproxy.bue.edu.eg/login?url=http://search.ebscohost.com/login.aspx?direct=true&db=nlebk&AN=2141126&site=ehost-live&ebv=EB&ppid=pp_ii |
| 906 |
_a7 _bcbc _corigcop _d1 _eecip _f20 _gy-gencatlg |
||
| 942 |
_2ddc _cBB |
||